00394nam a2200157Ia 4500003000400000005001700004008004100021020001800062040000900080082001800089100001700107245005800124250001200182260003300194300000900227OSt20200205151955.0190216s9999||||xx |||||||||||||| ||und|| a9789381113806 coclc a342.54bACH/S aAcharya, N K 0aSupreme Court On Constitution Of India /cN K Acharya a1st ed. bS P Gogia,c2012.aHyderbad: a816p